[Event "RUS-ch"]
[Site "Elista"]
[Date "1995.??.??"]
[Round "10"]
[White "Rustemov, Alexander"]
[Black "Rashkovsky, Nukhim N"]
[Result "1/2-1/2"]
[WhiteElo "2475"]
[BlackElo "2560"]

1.d4 Nf6 2.Bg5 d5 3.Bxf6 exf6 4.e3 Bd6 5.Nd2 O-O 6.g3 c6 7.Bg2 f5 8.Ne2 Nd7
9.O-O Nf6 10.c4 Be6 11.c5 Bc7 12.b4 g5 13.Nf3 Ne4 14.Ne5 h5 15.Rb1 a6 16.a4 Kg7
17.f3 Nf6 18.Nd3 Rh8 19.b5 axb5 20.axb5 cxb5 21.Rxb5 Bc8 22.Qb3 h4 23.Ne5 hxg3
24.hxg3 Qe8 25.Qb2 Ra6 26.Kf2 Rh2 27.Rh1 Rxh1 28.Bxh1 Ra2 29.Qxa2 Qxb5 30.Bg2 Be6  1/2-1/2

[Event "RUS-ch (Women)"]
[Site "Elista"]
[Date "1995.??.??"]
[Round "11"]
[White "Kovalevskaya, Ekaterina"]
[Black "Zaitseva, Ludmila G"]
[Result "1/2-1/2"]
[WhiteElo "2350"]
[BlackElo "2360"]

1.d4 Nf6 2.Bg5 g6 3.Bxf6 exf6 4.e3 d5 5.c4 Bg7 6.Nc3 dxc4 7.Bxc4 O-O 8.Nge2 c5
9.dxc5 Qa5 10.Qd6 Nd7 11.O-O Qxc5 12.Qxc5 Nxc5 13.b4 Be6 14.Bxe6 Nxe6 15.Rfd1 f5
16.Rac1 Rfd8 17.Nd5 Kf8 18.Kf1 Rac8 19.Ke1 Rxc1 20.Nxc1 Rc8 21.Nb3 b6 22.Ke2 Rc2+
23.Rd2 Rxd2+ 24.Kxd2 Ke8 25.Kd3 Kd7 26.Kc4 Kd6 27.a4 Be5 28.h3 f4 29.e4 f5
30.exf5 gxf5 31.Nc1 f3 32.gxf3 Bg7 33.f4 Bd4 34.Nd3 a6 35.Ne3 Bxe3 36.fxe3 Nc7
37.Ne1 b5+ 38.axb5 axb5+ 39.Kd4 Ne6+ 40.Kd3 Nd8 41.Nc2 Nc6 42.e4 Ke7 43.e5 Kd7
44.Kc3 Ne7 45.Kd4 Ng6 46.Ke3 Ne7 47.Nd4 Nd5+ 48.Kf3 Nxb4 49.Nxf5 Nd3 50.Nd4 b4
51.Nb3 Ke6 52.Ke3 Nxe5 53.fxe5 Kxe5 54.Kf3 Kf5 55.h4 Kg6 56.Kg4 Kh6 57.Nd4 Kg6
58.h5+ Kf6 59.Kf4 Kg7 60.Kg5 Kf7 61.Kf5 Kg7 62.Ne6+ Kf7 63.Nc5 Kg7 64.Kg5 Kf7
65.Nb3 Kg7 66.Nd4 Kf7 67.Kf5 Kg7 68.Ne6+ Kf7 69.Nc5 Kg7 70.Kg5 Kf7 71.Nb3 Kg7
72.h6+ Kf7 73.Kf5 Ke7 74.Kg5 Kf7 75.Nd4 b3 76.Nxb3 Kg8  1/2-1/2

[Event "FIN-ch"]
[Site "FIN"]
[Date "1995.??.??"]
[Round "?"]
[White "Paasikangas, Johanna"]
[Black "Sorri, Kari Juhani"]
[Result "0-1"]
[WhiteElo "2140"]
[BlackElo "2335"]

1.d4 Nf6 2.Bg5 d5 3.Bxf6 exf6 4.e3 Bd6 5.c4 dxc4 6.Bxc4 O-O 7.Nf3 c6 8.Nc3 Nd7
9.Qd3 f5 10.O-O Nf6 11.Rab1 Qe7 12.a3 Ne4 13.Qc2 g6 14.Bd3 Re8 15.Bxe4 fxe4
16.Nd2 Bf5 17.Nc4 Bc7 18.Ne2 Rad8 19.b4 Qh4 20.Ng3 Rd5 21.Nd2 g5 22.Rfe1 Bg6
23.b5 f5 24.bxc6 b6 25.Rb5 Bf7 26.Rxd5 Bxd5 27.Qa4 Qh6 28.Rc1 f4 29.Qb5 Rd8
30.exf4 gxf4 31.Ngf1 Qf6 32.Nb3 Kh8 33.Rc3 Qg6 34.Kh1 e3 35.f3 Qb1 36.h3 Qb2  0-1

[Event "Finkenstein op"]
[Site "Finkenstein"]
[Date "1995.??.??"]
[Round "2"]
[White "Regatschnig, H."]
[Black "Vidali, Joze"]
[Result "1/2-1/2"]
[WhiteElo "1800"]
[BlackElo "1665"]

1.d4 Nf6 2.Bg5 c5 3.Bxf6 gxf6 4.d5 Qb6 5.Qc1 Bg7 6.c3 d6 7.g3 Bf5 8.Bg2 Nd7
9.Nf3 h5 10.Nbd2 Ne5 11.Nxe5 fxe5 12.e4 Bd7 13.h4 Qc7 14.Qc2 b5 15.O-O Rb8
16.c4 b4 17.a4 a5 18.b3 Kd8 19.Rae1 Kc8 20.Kh2 Kb7 21.Bh3 Bxh3 22.Kxh3 Qd7+
23.Kh2 Qg4 24.Qd1 Qg6 25.Qf3 Bh6 26.Rd1 Rbf8 27.Qf5 Qxf5 28.exf5 Bxd2 29.Rxd2 Rhg8
30.f4 f6 31.Rdf2 Rg4 32.fxe5 dxe5 33.Rd2 Kc7 34.Rfd1 Kd6 35.Re2 Rd4 36.Rde1 Rg8
37.Re4 Rg4 38.Rxg4 Rxg4 39.Kg2 Rd4 40.Kf3 Rd3+ 41.Re3 e4+ 42.Kxe4 Rxe3+ 43.Kxe3 Ke5
44.Kf3 Kxf5 45.Ke3 Ke5 46.Kf3 f5 47.Ke3 e6 48.dxe6 Kxe6 49.Kf3 Ke5 50.Ke3 Kf6
51.Kf4 Ke6  1/2-1/2

[Event "FRA-chT"]
[Site "FRA"]
[Date "1995.??.??"]
[Round "?"]
[White "Eliet, Nicolas"]
[Black "Komarov, Dimitri"]
[Result "0-1"]
[WhiteElo "2270"]
[BlackElo "2575"]

1.d4 Nf6 2.Bg5 d5 3.Bxf6 exf6 4.e3 Be6 5.Nd2 c6 6.g3 Nd7 7.Bg2 f5 8.Ne2 Bd6
9.b3 Nf6 10.O-O h5 11.c4 h4 12.cxd5 Bxd5 13.Nc3 Bxg2 14.Kxg2 Qd7 15.Qf3 Bb4
16.Rac1 O-O-O 17.Ncb1 g5 18.Nc4 g4 19.Qe2 Qd5+ 20.f3 hxg3 21.hxg3 Ne4 22.Nbd2 Bxd2
23.Nxd2 Nxd2  0-1

[Event "FRA-chT"]
[Site "FRA"]
[Date "1995.??.??"]
[Round "?"]
[White "Sharif, Mershad"]
[Black "Sargos, Patrick"]
[Result "1-0"]
[WhiteElo "2470"]
[BlackElo "2200"]

1.d4 Nf6 2.Bg5 g6 3.Bxf6 exf6 4.c4 Bg7 5.Nc3 O-O 6.e3 Re8 7.g3 d6 8.Bg2 Nd7
9.Nge2 f5 10.O-O Nf6 11.Qd3 c6 12.b4 Qe7 13.Rab1 Ne4 14.b5 a6 15.bxc6 bxc6
16.Rb6 c5 17.Nf4 Ra7 18.Nfd5 Qe6 19.Rfb1 h6 20.h4 g5 21.hxg5 hxg5 22.Rb8 Nxc3
23.Qxc3 cxd4 24.exd4 f4 25.gxf4 gxf4 26.Nxf4 Qf5 27.Nd5 Kf8 28.c5 Bd7 29.Rxe8+ Bxe8
30.Rb8 Qg4 31.Qe3 Qd1+ 32.Kh2 Qh5+ 33.Bh3 f5 34.Nf4 Qf7 35.Ne6+  1-0

[Event "FRA-chT"]
[Site "FRA"]
[Date "1995.??.??"]
[Round "?"]
[White "Nataf, Igor Alexandre"]
[Black "Conquest, Stuart"]
[Result "1-0"]
[WhiteElo "2340"]
[BlackElo "2520"]

1.d4 Nf6 2.Bg5 c5 3.Nc3 cxd4 4.Qxd4 Nc6 5.Qh4 Qa5 6.O-O-O e6 7.e4 a6 8.Nf3 b5
9.Nd2 Be7 10.Nb3 Qb6 11.Nd5 exd5 12.exd5 O-O 13.dxc6 dxc6 14.Bd3 h6 15.Be3 c5
16.Qb4 cxb4 17.Bxb6 Bb7 18.Rhe1 Rfe8 19.Bd4 Bxg2 20.Rxe7 Rxe7 21.Bxf6 gxf6
22.Rg1 Kf8 23.Rxg2 Re1+ 24.Kd2 Rb1 25.Nd4 Rxb2 26.Bh7 Ke7 27.Be4 Rc8 28.Bd5 Rc5
29.Bb3 Rb1 30.Rg7 a5 31.Rxf7+ Kd6 32.f4 a4 33.Rxf6+ Ke7 34.Rf7+ Kd6 35.Be6 Rh5
36.h3 Kc5 37.Rd7 Rf1 38.f5 Rxh3 39.Rd5+ Kc4 40.Ne2 b3 41.a3  1-0

[Event "Troll Masters"]
[Site "Gausdal"]
[Date "1995.??.??"]
[Round "5"]
[White "Ward, Christopher"]
[Black "Ernst, Thomas"]
[Result "1/2-1/2"]
[WhiteElo "2485"]
[BlackElo "2465"]

1.d4 Nf6 2.Bg5 d5 3.Bxf6 gxf6 4.e3 Bg7 5.Ne2 Bf5 6.Ng3 Bg6 7.h4 h6 8.Bd3 e6
9.Nc3 Nd7 10.Nce2 Qe7 11.Bxg6 fxg6 12.Qd3 Qf7 13.c4 dxc4 14.Qxc4 Nb6 15.Qb3 O-O-O
16.Ne4 g5 17.Nc5 Rhe8 18.a4 c6 19.a5 Nd5 20.O-O Bf8 21.e4 Nf4 22.Nxf4 gxf4
23.Rfd1 a6 24.Rac1 Bxc5 25.Rxc5 Qg6 26.Qf3 Rg8 27.Kf1 e5 28.d5 Kb8 29.Rcc1 cxd5
30.Rxd5 Rxd5 31.exd5 Qf5 32.d6 e4 33.Qb3 Qg4 34.Rc7 Qxg2+ 35.Ke2 e3 36.Rxb7+ Ka8
37.Qf7 Qxf2+ 38.Kd3 Qf1+ 39.Ke4 Qh1+ 40.Kd4 Qxb7 41.Qxg8+ Ka7 42.Qc4 Qxb2+
43.Kd5 e2  1/2-1/2

[Event "Peer Gynt"]
[Site "Gausdal"]
[Date "1995.??.??"]
[Round "7"]
[White "Djurhuus, Rune"]
[Black "Nielsen, Peter Heine"]
[Result "1/2-1/2"]
[WhiteElo "2495"]
[BlackElo "2500"]

1.d4 Nf6 2.Bg5 d5 3.Bxf6 exf6 4.e3 Bd6 5.c4 dxc4 6.Bxc4 O-O 7.Nc3 Nd7 8.Qc2 f5
9.Nf3 Nf6 10.Rd1 Qe7 11.O-O c6 12.a3 Bd7 13.Rfe1 Rae8 14.d5 c5 15.g3 Ne4
16.Bd3 Nxc3 17.bxc3 Qf6 18.Rb1 b6 19.a4 Re7 20.Kg2 Rfe8 21.Bb5 Bxb5 22.axb5 g6
23.Qd3 Kg7 24.h4 c4 25.Qxc4 Rc7 26.Qd4 Rxc3 27.Rec1 Qxd4 28.Nxd4 Rxc1 29.Rxc1 Re5
30.Rc8 Bc5 31.Nc6 Rxd5 32.Rc7 h6 33.Rxa7 g5 34.hxg5 hxg5 35.Kf3 Rd2 36.Ne5 g4+
37.Kg2 Kf6 38.Nd7+ Kg7 39.Nxc5 bxc5 40.Rc7 Rc2 41.b6 Kg6 42.Rc6+ f6 43.Rc8 Rb2  1/2-1/2

[Event "Troll Masters"]
[Site "Gausdal"]
[Date "1995.??.??"]
[Round "9"]
[White "Kinsman, Andrew PH"]
[Black "Engqvist, Thomas"]
[Result "1/2-1/2"]
[WhiteElo "2355"]
[BlackElo "2415"]

1.d4 Nf6 2.Bg5 c5 3.Bxf6 gxf6 4.d5 Bg7 5.c4 f5 6.Nc3 d6 7.e3 Nd7 8.Nge2 Nf6
9.Qc2 a6 10.Ng3 e6 11.Rd1 O-O 12.Be2 b5 13.dxe6 fxe6 14.cxb5 axb5 15.Nxb5 Nd5
16.a3 Qb6 17.O-O Bd7 18.Qb3 f4 19.Nh5 Be5 20.exf4 Nxf4 21.Nxf4 Rxf4 22.g3 Rfa4
23.Rfe1 R4a5 24.Bc4 Rxb5 25.Qf3 Qb7 26.Qg4+ Kh8 27.Rxe5 dxe5 28.Qg5 Be8 29.Bxb5 Bxb5
30.Qf6+ Qg7 31.Rd8+ Rxd8 32.Qxd8+ Qg8 33.Qf6+ Qg7 34.Qd8+ Qg8 35.Qf6+ Qg7
36.Qd8+  1/2-1/2

[Event "Geneve op"]
[Site "Geneve"]
[Date "1995.??.??"]
[Round "2"]
[White "Weindl, Alfred"]
[Black "Lurje, Pawel"]
[Result "1/2-1/2"]
[WhiteElo "2385"]
[BlackElo "2145"]

1.d4 Nf6 2.Bg5 c5 3.Bxf6 gxf6 4.d5 d6 5.e3 Bg7 6.c3 O-O 7.Bd3 f5 8.Qh5 e6
9.Ne2 Nd7 10.dxe6 fxe6 11.Nf4 Nf6 12.Qe2 e5 13.Nh5 Nxh5 14.Qxh5 e4 15.Bc2 d5
16.Nd2  1/2-1/2

[Event "Geneve op"]
[Site "Geneve"]
[Date "1995.??.??"]
[Round "3"]
[White "Lukasiewicz, Grzegorz"]
[Black "Poldauf, Dirk"]
[Result "1-0"]
[WhiteElo "2355"]
[BlackElo "2425"]

1.d4 Nf6 2.Bg5 g6 3.Bxf6 exf6 4.g3 Bg7 5.Bg2 O-O 6.e3 f5 7.Ne2 d6 8.Nd2 Nd7
9.c3 Nf6 10.O-O Rb8 11.c4 Bd7 12.Qc2 Qe7 13.Nc3 c6 14.b4 h5 15.Rab1 h4 16.c5 hxg3
17.hxg3 d5 18.b5 f4 19.gxf4 Bf5 20.Qa4 Bxb1 21.Rxb1 Ng4 22.Nf3 Qc7 23.Qxa7 Ra8
24.Qb6 Qc8 25.a4 Bf6 26.bxc6 bxc6 27.Bh3 Bd8 28.Qb7 f5 29.Bxg4 fxg4 30.Ne5 Ba5
31.Qxc8 Rfxc8 32.Ne2 Kg7 33.Rb7+ Rc7 34.Rxc7+ Bxc7 35.Nxc6 Rxa4 36.Ne7 Ra2
37.Kf1 Ra1+ 38.Kg2 Ra2 39.Nxd5 Ba5 40.Nec3 Rc2 41.Ne4 Kf7 42.Ndf6 Ke6 43.Nxg4 Kd5
44.Kf3 Rc1 45.Ne5 Rg1 46.Ng3 Rb1 47.Nxg6 Rb2 48.f5 Be1 49.Ne4 Kc4 50.Ne5+  1-0

[Event "Geneve op"]
[Site "Geneve"]
[Date "1995.??.??"]
[Round "6"]
[White "Landenbergue, Claude"]
[Black "Zimmer, Ralph"]
[Result "1-0"]
[WhiteElo "2430"]
[BlackElo "2260"]

1.d4 Nf6 2.Bg5 c5 3.Bxf6 exf6 4.Nc3 Qa5 5.dxc5 Bxc5 6.e3 Nc6 7.Bd3 d5 8.Ne2 Be6
9.O-O O-O 10.a3 Qc7 11.Nb5 Qb6 12.Rb1 g6 13.c3 Rad8 14.Nbd4 Ne5 15.Nf4 f5
16.Be2 a6 17.Qd2 Nd7 18.Rfd1 Nf6 19.Bd3 Rfe8 20.Qe2 Ne4 21.Bxe4 fxe4 22.b4 Bd6
23.Nfxe6 fxe6 24.c4 Be5 25.Rbc1 Qd6 26.h3 Qe7 27.Qg4 Qf6 28.Rc2 h5 29.Qe2 Bb8
30.c5 Re7 31.a4 Qe5 32.f4 exf3 33.Nxf3 Qe4 34.Rd4 Qf5 35.e4 Qf8 36.Qd3 Qf7
37.Rf2 Rf8 38.exd5 exd5 39.Rf1 Rd7 40.Nd2 Qe6 41.Rxf8+ Kxf8 42.Nf3 Be5 43.Nxe5 Qxe5
44.Qd2 Kg7 45.b5  1-0

[Event "GER-ch U17"]
[Site "?"]
[Date "1995.??.??"]
[Round "7"]
[White "Gustafsson, Jan"]
[Black "Lytchak, Alexander"]
[Result "1-0"]
[WhiteElo "2185"]
[BlackElo "2225"]

1.d4 Nf6 2.Bg5 g6 3.Bxf6 exf6 4.e3 Bg7 5.Ne2 f5 6.Nf4 O-O 7.h4 c5 8.c3 Qa5
9.Nd2 Re8 10.Nb3 Qc7 11.Nd5 Qc6 12.dxc5 Na6 13.Bxa6 bxa6 14.Qd3 a5 15.Nxa5 Qxc5
16.Nb3 Qc6 17.O-O-O a5 18.Nf4 a4 19.Nd4 Qb6 20.Nc2 Rb8 21.Nb4 a3 22.b3 Qc5
23.Nfd5 Rxb4 24.Nxb4 Bxc3 25.Nc2 Bb7 26.f3 f4 27.exf4 Rc8 28.Kb1 Qf2 29.Qf1 Qb6
30.Qd3 Bg7 31.Qd6 Qa5 32.Qd2 Qf5 33.Rhe1 d6 34.g4 Qf6 35.Nd4 Qxh4 36.Qe3 h6
37.Rc1 Rb8 38.Red1 Qf6 39.g5 hxg5 40.fxg5 Qd8 41.Nc6 Bxc6 42.Rxc6 d5 43.f4 Qd7
44.Rc2 Rd8 45.Qd3 Qd6 46.Rf1 Bh8 47.Re2 Qb4 48.f5 gxf5 49.Qxf5 Qf8  1-0

[Event "OL-SW 9596"]
[Site "GER"]
[Date "1995.??.??"]
[Round "?"]
[White "Neidhardt, Claus Ulrich"]
[Black "Pernutz, Hans Gerhard"]
[Result "1-0"]
[WhiteElo "2400"]
[BlackElo "2265"]

1.d4 Nf6 2.Bg5 g6 3.Bxf6 exf6 4.e3 d5 5.Nd2 f5 6.g3 c6 7.Bg2 Bd6 8.Ne2 Be6
9.O-O O-O 10.c4 dxc4 11.Qc2 Re8 12.Nxc4 Bf8 13.a3 Nd7 14.b4 Nb6 15.Na5 Rb8
16.Nf4 Nd5 17.Nd3 Nf6 18.Rfc1 Bd5 19.Bxd5 Qxd5 20.Nf4 Qf3 21.Nc4 Qe4 22.Qb3 Nd5
23.Nd2 Qe7 24.Nxd5 cxd5 25.Qxd5 Qf6 26.Rc7 Bd6 27.Rd7 Red8 28.Rxd8+ Rxd8
29.Qxb7 f4 30.Ne4  1-0

[Event "NRW-Liga I 9495"]
[Site "Germany"]
[Date "1995.??.??"]
[Round "?"]
[White "Gupta, Milon"]
[Black "Emunds, Hans Georg"]
[Result "1/2-1/2"]
[WhiteElo "2250"]
[BlackElo "2195"]

1.d4 Nf6 2.Bg5 c5 3.d5 e5 4.Nc3 d6 5.e4 Be7 6.Nf3 O-O 7.Be2 Nbd7 8.O-O Re8
9.a4 Nf8 10.Bb5 N6d7 11.Be3 h6 12.Qc1 Nh7 13.Nd2 Bg5 14.Nc4 Bxe3 15.Qxe3 Qe7
16.f4 f6 17.a5 a6 18.Ba4 Rd8 19.f5 Rb8 20.Rfb1 Ng5 21.Ne2 Nf8 22.c3 Bd7 23.Bc2 Bb5
24.Na3 Be8 25.Bd3 Rdc8 26.b4 cxb4 27.cxb4 Rc7 28.Rc1 Rbc8 29.Qb6 Qd8 30.Rxc7 Qxc7
31.Qxc7 Rxc7 32.Rc1 Rxc1+ 33.Nxc1 Kf7 34.h4 Ngh7 35.Kf2 Ke7 36.Ne2 Nd7 37.Nc3 Nhf8
38.Ke3 Nb8 39.Nc4 Kd7 40.Bc2  1/2-1/2

[Event "Oberliga Nord W9596"]
[Site "Germany"]
[Date "1995.??.??"]
[Round "?"]
[White "Issing, Peter"]
[Black "Pramann, Adele"]
[Result "1-0"]
[WhiteElo "2200"]
[BlackElo "2085"]

1.d4 Nf6 2.Bg5 d5 3.Nd2 Nbd7 4.Ngf3 g6 5.e3 Bg7 6.c4 c6 7.h3 O-O 8.Be2 dxc4
9.Nxc4 Nb6 10.O-O Bf5 11.Na5 Qc7 12.Bf4 Qc8 13.Rc1 Nfd5 14.Bg3 h6 15.Re1 g5
16.a3 e6 17.Bf1 Bh7 18.b4 a6 19.Qb3 Qd7 20.Ne5 Qe7 21.Nd3 Bxd3 22.Bxd3 Rfd8
23.Bb1 Qd7 24.Qc2 Ne7 25.Qh7+ Kf8 26.Nb3 Nbd5 27.Nc5 Qc8 28.Qc2 Nf6 29.Ba2 b6
30.Nd3 Ne4 31.Be5 Nf6 32.Nb2 Qb7 33.Nc4 Ne8 34.Red1 Ng6 35.Bg3 Rac8 36.Qd3 Ne7
37.Bb1 Kg8 38.Be5 Kf8 39.Qd2 Qa7 40.Be4 Nf6 41.Bf3 Ne8 42.Bh2 Nd5 43.a4 Kg8
44.b5 cxb5 45.axb5 a5 46.Ne5 Bxe5 47.Bxe5 Qd7 48.Rxc8 Rxc8 49.e4 Nb4 50.d5 Ng7
51.Qb2 Rc2 52.Qd4 Ne8 53.Qxb6 a4 54.dxe6 Qe7 55.exf7+  1-0

[Event "BL2-O9495"]
[Site "Germany"]
[Date "1995.??.??"]
[Round "?"]
[White "Bletz, Harald"]
[Black "Boehlig, Heinz"]
[Result "1-0"]
[WhiteElo "2275"]
[BlackElo "2310"]

1.d4 Nf6 2.Bg5 d5 3.Nc3 Nbd7 4.f3 c6 5.e4 dxe4 6.fxe4 Qa5 7.e5 Ne4 8.Nf3 f6
9.Bd2 Nxd2 10.Qxd2 fxe5 11.O-O-O e4 12.Ng5 Nb6 13.d5 Nxd5 14.Bc4 e6 15.Bxd5 cxd5
16.Qf4  1-0

[Event "BL2-O9495"]
[Site "Germany"]
[Date "1995.??.??"]
[Round "?"]
[White "Helbig, Uwe"]
[Black "Grafe, Wilhelm"]
[Result "1-0"]
[WhiteElo "2180"]
[BlackElo "2065"]

1.d4 Nf6 2.Bg5 d5 3.e3 Ne4 4.Bf4 e6 5.Bd3 Nd6 6.Nd2 b6 7.c3 Be7 8.Ngf3 O-O
9.Qe2 Bb7 10.e4 dxe4 11.Nxe4 Nd7 12.Nfd2 Nf6 13.O-O Ndxe4 14.Nxe4 c5 15.dxc5 bxc5
16.Rad1 Nxe4 17.Bxe4 Qc8 18.Rd2 a6 19.Rfd1 Bxe4 20.Qxe4 Ra7 21.Qa4 h6 22.h3 Bg5
23.Bxg5 hxg5 24.Rd6 c4 25.Qa5 f6 26.Qa4 Re8 27.Rc6 Qb8 28.Rxc4 Ree7 29.Rb4 Qe5
30.Rd8+ Kh7 31.Qd1 Kg6 32.Rh8 f5 33.Rd4 Kf6 34.Rdd8 Rf7 35.Rhf8 Rxf8 36.Rxf8+ Kg6
37.Rh8 Rb7 38.Qh5+ Kf6 39.Rf8+ Ke7 40.Qf7+ Kd6 41.Qxb7  1-0

[Event "BL2-O9495"]
[Site "Germany"]
[Date "1995.??.??"]
[Round "?"]
[White "Neidhardt, Claus Ulrich"]
[Black "Del Rio, Roland"]
[Result "1-0"]
[WhiteElo "2370"]
[BlackElo "2230"]

1.d4 Nf6 2.Bg5 d5 3.Nd2 Bf5 4.Bxf6 exf6 5.g3 c6 6.e3 Na6 7.a3 Nc7 8.Bg2 Nb5
9.Ne2 Qd7 10.O-O h5 11.c4 dxc4 12.Nxc4 h4 13.d5 c5 14.e4 Bh3 15.Bxh3 Qxh3
16.Nf4 Qd7 17.g4 Nd4 18.a4 g6 19.f3 Bd6 20.Ne2 Be5 21.Kh1 Qc7 22.f4 Nxe2
23.fxe5 Ng3+ 24.hxg3 hxg3+ 25.Kg2 fxe5 26.d6 Qc6 27.Qd5 Qxd5 28.exd5 O-O
29.Nxe5 Rad8 30.Nc4 a6 31.a5 Rfe8 32.Rae1 Kf8 33.Kxg3  1-0

[Event "BL2-O9495"]
[Site "Germany"]
[Date "1995.??.??"]
[Round "?"]
[White "Ochs, Holger"]
[Black "Boehlig, Heinz"]
[Result "1/2-1/2"]
[WhiteElo "2190"]
[BlackElo "2310"]

1.d4 Nf6 2.Bg5 d5 3.Bxf6 exf6 4.e3 c6 5.Bd3 g6 6.Nd2 Bg7 7.c3 O-O 8.g4 Re8
9.Qf3 Qd7 10.h3 b6 11.Ne2 Ba6 12.Bxa6 Nxa6 13.Nf4 Nc7 14.Kf1 Ne6 15.Nxe6  1/2-1/2

[Event "BL2-O9495"]
[Site "Germany"]
[Date "1995.??.??"]
[Round "?"]
[White "Ochs, Holger"]
[Black "Krauseneck, Peter"]
[Result "1-0"]
[WhiteElo "2190"]
[BlackElo "2300"]

1.d4 Nf6 2.Bg5 d5 3.Bxf6 gxf6 4.e3 e5 5.Ne2 Be6 6.c3 c5 7.Nd2 Nc6 8.Nb3 b6
9.Ng3 Be7 10.Bb5 Qd6 11.dxc5 bxc5 12.Na5 Bd7 13.Nf5 Qc7 14.Qxd5 Rc8 15.Bxc6 Bxc6
16.Nxc6 Qxc6 17.Qxc6+ Rxc6 18.O-O-O Rg8 19.g3 Rg4 20.f4 c4 21.Rd5 Bc5 22.Rhd1 Bb6
23.Rd7 exf4 24.Re7+ Kf8 25.Rb7 Bxe3+ 26.Kc2 Rc8 27.Rdd7 Bc5 28.Rxf7+ Ke8
29.Ng7+ Rxg7 30.Rxg7 f3 31.Rg8+ Bf8 32.Rg4 Bd6 33.Rg8+ Bf8 34.Rg4 Bd6 35.Re4+ Kf8
36.Kd2 Bc5 37.Rf4 Rd8+ 38.Ke1 f2+ 39.Rxf2 Bxf2+ 40.Kxf2 Rd2+ 41.Kg1 Kg8 42.a4 a5
43.Rb5 Kf7 44.Rxa5 Rxb2 45.Rc5 Ke6 46.Rxc4 Ra2 47.Rh4 Ke5 48.Kf1 Ra3 49.Ke2 Rxc3
50.Rxh7 Ra3 51.Rh4 f5 52.Kd2 f4 53.Rxf4 Ra2+ 54.Kc3 Rxh2 55.Kb4 Rg2 56.Rg4 Rb2+
57.Kc5 Ra2 58.Kb5 Ra3 59.a5 Kd6 60.Rg7 Rb3+ 61.Kc4 Ra3 62.a6 Kc6 63.a7 Ra4+
64.Kd3 Kd5 65.Kc3 Kc5 66.Kb3 Ra1 67.g4 Kd6 68.g5 Ke6 69.Kb4 Ra2 70.Kb5 Rb2+
71.Kc6 Rc2+ 72.Kb7 Rb2+ 73.Kc8  1-0

[Event "Oberliga Ost qual"]
[Site "Germany"]
[Date "1995.??.??"]
[Round "?"]
[White "Hauke, Christian"]
[Black "Vuckovic, Aleksandar"]
[Result "0-1"]
[WhiteElo "2265"]
[BlackElo "2265"]

1.d4 Nf6 2.Bg5 c5 3.d5 Qb6 4.Nc3 d6 5.e4 Nbd7 6.Qd2 h6 7.Bh4 g5 8.Bg3 Bg7
9.Rb1 Nh5 10.Be2 Nxg3 11.hxg3 a6 12.f4 gxf4 13.gxf4 Rg8 14.Nf3 Qb4 15.a3 Bxc3
16.axb4 Bxd2+ 17.Nxd2 cxb4 18.Kf2 Nf6 19.Rxh6 Bg4 20.e5 dxe5 21.fxe5 Nd7
22.Bxg4 Rxg4 23.Rh8+ Nf8 24.c4 O-O-O 25.Rh5 Ng6 26.Kf3 Rh4 27.Rxh4 Nxh4+
28.Kf2 b5 29.b3 Kb7 30.Ke3 Rg8 31.Rf1 bxc4 32.Nxc4 Nxg2+ 33.Kd4 Rg4+ 34.Kc5 Rf4
35.Na5+ Kc7 36.Rxf4 Nxf4 37.d6+ exd6+ 38.exd6+ Kd7 39.Nc4 Nd3+ 40.Kd5 f5
41.Nb6+ Kd8 42.Kc4 Nc1 43.Kxb4 f4 44.Kc3 f3 45.Kd2 f2  0-1

[Event "Bundesliga 9495"]
[Site "Germany"]
[Date "1995.??.??"]
[Round "?"]
[White "Teske, Henrik"]
[Black "Ribli, Zoltan"]
[Result "1-0"]
[WhiteElo "2495"]
[BlackElo "2605"]

1.d4 Nf6 2.Bg5 c5 3.Bxf6 gxf6 4.dxc5 Qa5+ 5.Nd2 Bg7 6.Nf3 Qxc5 7.e3 b6 8.c3 Bb7
9.Qa4 Nc6 10.Rd1 Qh5 11.Be2 Rd8 12.O-O O-O 13.Qf4 Ba8 14.Nb3 Ne5 15.Nbd4 e6
16.Rd2 Nxf3+ 17.Nxf3 Qa5 18.a3 Bxf3 19.Qxf3 f5 20.Rfd1 Qa4 21.Qg3 Kh8 22.Qd6 Bf6
23.Bf3 Qc4 24.g3 Rfe8 25.Be2 Qc6 26.Qb4 Qc7 27.Bb5 Re7 28.Rxd7 Rdxd7 29.Bxd7 Kg7
30.Bb5 Qc5 31.Qa4 Rc7 32.Rd2 a5 33.Be2 Be5 34.Qd1 b5 35.Kg2 b4 36.cxb4 axb4
37.a4 Kf6 38.b3 Ke7 39.Bc4 Qc6+ 40.Kg1 Bc3 41.Bb5 Qb7 42.Rd8 Bg7 43.h4 h6
44.h5 Be5 45.Qd2 Qb6 46.Qxb4+ Kf6 47.Rg8 Rc1+ 48.Kh2 f4 49.gxf4 Bd6 50.Qe4 Qc5
51.Rg6+ Ke7 52.Qb7+ Bc7 53.Rxh6 Qf5 54.Bc4  1-0

[Event "BL2-S9495"]
[Site "Germany"]
[Date "1995.??.??"]
[Round "?"]
[White "Hauke, Christian"]
[Black "Mandel, Andreas"]
[Result "1-0"]
[WhiteElo "2275"]
[BlackElo "2370"]

1.d4 Nf6 2.Bg5 c5 3.Bxf6 gxf6 4.d5 Qb6 5.Qc1 f5 6.g3 Bg7 7.c3 d6 8.Nd2 Nd7
9.Nc4 Qc7 10.a4 Nf6 11.Bg2 Bd7 12.Qc2 e6 13.Ne3 h5 14.Nh3 h4 15.f4 hxg3 16.hxg3 Ke7
17.b3 Rag8 18.Kf2 Bh6 19.Bf3 Rg6 20.Rad1 Rhg8 21.dxe6 fxe6 22.Rhg1 Ng4+ 23.Bxg4 fxg4
24.f5 gxh3 25.fxg6 Rf8+ 26.Ke1 Bxe3 27.g7 Bxg1 28.Qh7 Ke8 29.Qh5+ Ke7 30.Qh7 Ke8
31.gxf8=Q+ Kxf8 32.Kd2 d5 33.Rf1+ Ke8 34.Qh8+  1-0

[Event "Landesliga N9596 Bayern"]
[Site "Germany"]
[Date "1995.??.??"]
[Round "?"]
[White "Giessmann, Stephan"]
[Black "Wuerl, Roland"]
[Result "0-1"]
[WhiteElo "2110"]
[BlackElo "2055"]

1.d4 Nf6 2.Bg5 c5 3.c3 Ne4 4.Bf4 cxd4 5.cxd4 Nc6 6.f3 Qa5+ 7.Nd2 Nf6 8.e3 Nd5
9.Ne2 d6 10.Kf2 g6 11.Bg3 Bg7 12.e4 Nf6 13.Bf4 O-O 14.Be3 e5 15.d5 Ne7 16.Nc4 Qd8
17.Qa4 Ne8 18.Nc3 f5 19.Bd3 Bd7 20.Qa3 b5 21.Nxd6 b4 22.Qxb4 Rb8 23.Nb7 Qc7
24.Qxe7 Rxb7 25.Rab1 f4 26.Bd2 Nd6 27.Nb5 Qb6+ 28.Ke2 Bxb5 29.Qe6+ Kh8 30.Bxb5 Qxb5+
31.Ke1 Qd3 32.Qxd6 Qxb1+ 33.Kf2 Qxh1 34.Bc3  0-1

[Event "Landesliga N9596 Bayern"]
[Site "Germany"]
[Date "1995.??.??"]
[Round "?"]
[White "Stiller, Juergen"]
[Black "Sattler, Stefan"]
[Result "1-0"]
[WhiteElo "2190"]
[BlackElo "2060"]

1.d4 Nf6 2.Bg5 g6 3.e3 Bg7 4.Nd2 d6 5.f4 Bf5 6.Bxf6 Bxf6 7.e4 Bc8 8.e5 Bg7
9.Ngf3 dxe5 10.dxe5 Nc6 11.Bb5 Bd7 12.Qe2 a6 13.Bc4 Bf5 14.O-O-O h6 15.Ne4 Qc8
16.h3 Be6 17.Nc5 Bxc4 18.Qxc4 b6 19.Nxa6 O-O 20.Qxc6 Qxa6 21.a3 Qa7 22.Rd5 b5
23.Qc5 Qxc5 24.Rxc5 b4 25.Rd1 bxa3 26.bxa3 Rxa3 27.Rd7 Ra4 28.Rcxc7 Rxf4
29.Rxe7 Bh8 30.Kd2 Ra4 31.Ke3 Raa8 32.Ke4 Rac8 33.Rxf7  1-0

[Event "BL2-S9495"]
[Site "Germany"]
[Date "1995.??.??"]
[Round "?"]
[White "Sokolovs, Andrei"]
[Black "Ivanov, Mikhail M"]
[Result "1-0"]
[WhiteElo "2520"]
[BlackElo "2450"]

1.d4 Nf6 2.Bg5 g6 3.Nd2 Bg7 4.e4 O-O 5.Bd3 d6 6.Ngf3 Nbd7 7.O-O e5 8.c3 h6
9.Bh4 Qe8 10.Re1 Nh5 11.Bf1 Kh8 12.Nc4 Nb6 13.dxe5 Nxc4 14.Bxc4 dxe5 15.Qb3 Rb8
16.a4 Bg4 17.Nd2 Bd7 18.Nf1 f5 19.exf5 gxf5 20.f3 Nf4 21.Bg3 Ng6 22.Kh1 h5
23.Bf2 b6 24.Bb5 c6 25.Bc4 h4 26.h3 Qe7 27.Rad1 Rbd8 28.Be3 Qf6 29.Qc2 Ne7
30.f4 e4 31.a5 c5 32.Qf2 Bc6 33.b4 cxb4 34.cxb4 b5 35.Ba2 a6 36.Bb6 Rd3 37.Rxd3 exd3
38.Re6 Qa1 39.Rxc6 Bf6 40.Rxf6 Rxf6 41.Bd4  1-0

[Event "BL2-O9495"]
[Site "Germany"]
[Date "1995.??.??"]
[Round "?"]
[White "Pribyl, Martin"]
[Black "Stettler, Michael"]
[Result "1/2-1/2"]
[WhiteElo "2360"]
[BlackElo "2370"]

1.d4 Nf6 2.Bg5 d5 3.Nf3 Ne4 4.Bh4 c6 5.e3 Qb6 6.Qc1 Bf5 7.Bd3 e6 8.O-O Bd6
9.Nbd2 Nxd2 10.Qxd2 Bxd3 11.Qxd3 Qb5 12.Qd2 Nd7 13.a4 Qa6 14.Rfe1 O-O 15.e4 Rfe8
16.e5 Bf8 17.Ng5 h6 18.Nh3 c5 19.Ra3 cxd4 20.Rg3 Kh8 21.Nf4 Qxa4 22.Nd3 Rac8
23.Qf4 Nc5 24.Nxc5 Rxc5 25.Qxf7 Rec8 26.Bf6 R5c7 27.Qxe6 Re8 28.Qxd5 Rd7
29.Qe4 gxf6 30.Qg6 Rg7 31.Qxh6+ Kg8 32.Qxf6 Qxc2 33.e6 Qc6 34.Rxg7+ Bxg7
35.Qf7+ Kh8 36.h3 d3 37.Qh5+ Kg8 38.Qf7+ Kh8 39.Qh5+ Kg8 40.Qf7+ Kh8 41.Qh5+ Kg8
42.Qf7+ Kh8 43.Qh5+  1/2-1/2

[Event "Landesliga S9596 Bayern"]
[Site "Germany"]
[Date "1995.??.??"]
[Round "?"]
[White "Hahn, Christoph"]
[Black "Scheckenbach, Franz"]
[Result "1-0"]
[WhiteElo "2100"]
[BlackElo "2145"]

1.d4 Nf6 2.Bg5 d5 3.Nd2 Nbd7 4.Ngf3 c6 5.e3 Qb6 6.Bd3 Qxb2 7.O-O e6 8.Nh4 Be7
9.f4 h6 10.Bxf6 Nxf6 11.Nhf3 O-O 12.Ne5 c5 13.g4 Nd7 14.g5 Nxe5 15.dxe5 c4
16.gxh6 g6 17.Be2 Qb6 18.Rf3 Bc5 19.Kf2 Kh7 20.Qg1 Qd8 21.Rh3 f6 22.Bh5 Rg8
23.Rg3 fxe5 24.Bxg6+ Rxg6 25.Rxg6 Qh4+ 26.Ke2 Qh5+ 27.Rg4 exf4 28.Nf3 Bxe3
29.Qg2 Qf5 30.Kd1 Qf6 31.Rb1 e5 32.Rg7+ Kxh6 33.Rg8 e4 34.Ne5 Bf5 35.Ng4+ Bxg4+
36.Rxg4 Qd4+ 37.Ke1 Qc3+ 38.Kf1 Bf2 39.Qxf2 Qh3+ 40.Qg2 Qxg2+ 41.Kxg2 f3+
42.Kf2 Re8 43.c3 b5 44.Rbg1 Re5 45.Ke3 a5 46.Rh4+ Rh5 47.Rxh5+ Kxh5 48.Rd1 b4
49.Rxd5+ Kg4 50.Rxa5 Kh3 51.cxb4 Kg2 52.Kxe4  1-0

[Event "BL2-O9495"]
[Site "Germany"]
[Date "1995.??.??"]
[Round "?"]
[White "Tennstedt, Andreas"]
[Black "Del Rio, Roland"]
[Result "1/2-1/2"]
[WhiteElo "2320"]
[BlackElo "2230"]

1.d4 Nf6 2.Bg5 d5 3.Nf3 Bf5 4.e3 c6 5.Nbd2 Qb6 6.Qc1 Nbd7 7.Be2 e6 8.Nh4 Ne4
9.Nxf5 Nxg5 10.Ng3 f5 11.c4 Nf6 12.c5 Qc7 13.f4 Nf7 14.Nf3 Be7 15.Qc3 O-O
16.O-O b6 17.b4 a5 18.a3 b5 19.a4 axb4  1/2-1/2